L'Exposition Universelle de 1889 / (Record no. 164026)
[ view plain ]
| 000 -LEADER | |
|---|---|
| campo de control de longitud fija | 00966nam a22002175i 4500 |
| 001 - NÚMERO DE CONTROL | |
| campo de control | 164026 |
| 003 - IDENTIFICADOR DE NÚMERO DE CONTROL | |
| campo de control | ES-MaACL |
| 005 - FECHA Y HORA DE LA ÚLTIMA TRANSACCIÓN | |
| campo de control | 20230906212846.0 |
| 008 - DATOS DE LONGITUD FIJA--INFORMACIÓN GENERAL | |
| campo de control de longitud fija | 050818s1890 fr a | |||||||| ||fre d |
| 040 ## - FUENTE DE CATALOGACIÓN | |
| Centro catalogador/agencia de origen | CAM |
| Lengua de catalogación | spa |
| Centro/agencia transcriptor | CAM |
| 100 1# - ENTRADA PRINCIPAL--NOMBRE DE PERSONA | |
| Nombre de persona | Rousselet, Louis. |
| 9 (RLIN) | 132111 |
| 245 12 - MENCIÓN DEL TÍTULO | |
| Título | L'Exposition Universelle de 1889 / |
| Mención de responsabilidad, etc. | Louis Rousselet ; ouvrage publié avec la collaboration de O. Bacelle. R. Cazin, M. Daubin, E. Duhousset, F. Dillaye, H. Jacottet, N. Roussanof et L. Sevin. |
| 260 ## - PUBLICACIÓN, DISTRIBUCIÓN, ETC. | |
| Lugar de publicación, distribución, etc. | Paris : |
| Nombre del editor, distribuidor, etc. | Librairie Hachette et Cie., |
| Fecha de publicación, distribución, etc. | 1890. |
| 300 ## - DESCRIPCIÓN FÍSICA | |
| Extensión | 318 p. : |
| Otras características físicas | il. ; |
| Dimensiones | 28 cm. |
| 490 1# - MENCIÓN DE SERIE | |
| Mención de serie | Bibliothèque des écoles et des familles |
| 500 ## - NOTA GENERAL | |
| Nota general | Illustré de 70 gravures. |
| 711 2# - ENTRADA AGREGADA--NOMBRE DE REUNIÓN | |
| Nombre de congreso/reunión o jurisdicción como elemento de entrada | Exposición Universal ( |
| Fecha del congreso o de la firma del tratado | 1889. |
| Sede del congreso/Lugar de la reunión | París) |
| 9 (RLIN) | 135154 |
| 830 0# - PUNTO DE ACCESO ADICIONAL DE SERIE-TÍTULO UNIFORME | |
| Título uniforme | Bibliothèque des écoles et des familles |
| 9 (RLIN) | 182248 |
| 852 ## - LOCALIZACIÓN | |
| Ubicación | ES-MaACL |
| Número de control de estantería | C-2287 |
| Nota libre | -- Enc. tela roja con estampaciones en negro y dorado, con cortes dorados |
| -- | -- Legado M. de la Fuente |
| Estatus retirado | Estado de pérdida | Estado de daño | No para préstamo | Colección | Biblioteca de origen | Biblioteca actual | Ubicación en estantería | Fecha de adquisición | Fuente de adquisición | Total de préstamos | Signatura topográfica completa | Código de barras | Visto por última vez | Precio de reemplazo | Tipo de ítem Koha |
|---|---|---|---|---|---|---|---|---|---|---|---|---|---|---|---|
| Libros del s. XIX | Biblioteca del Ateneo de Madrid | Biblioteca del Ateneo de Madrid | Sala Palomar | 17/01/2008 | C-2287 | 1171909 | 23/02/2023 | 23/02/2023 | Libro impreso antiguo |
